00998nam a22001457a 4500999001900000008004100019100002800060245004200088260003400130300003300164520050600197773003400703942000700737952010800744 c533788d533788260624b ||||| |||| 00| 0 eng d a Kumar, Anoop S.961315 aWeaponised finance and the tariff war aEconomic & Political Weekly  a61(23), Jun 6, 2026: p.14-17 aPunitive tariffs, secondary sanctions, and control over payment networks form a continuum of coercive statecraft. India’s options to reduce exposure may present themselves through alternative payment systems and bilateral currency arrangements. A more autonomous financial architecture may mitigate vulnerability, yet building it presents significant technical, economic, and diplomatic challenges.- Reproduced https://www.epw.in/journal/2026/23/commentary/weaponised-finance-and-tariff-war.html  aEconomic & Political Weekly  cAR 00102ddc40709408968aIIPAbIIPAd2026-06-24h61(23), Jun 6, 2026: p.14-17pAR139250r2026-06-24yAR